Guess the BLACKPINK M/V by picture - Statistics

General Stats
  • This quiz has been taken 108 times
  • The average score is 10 of 14
Answer Stats
Picture Answer % Correct
Boombayah
90%
Ice Cream
79%
Shut Down
78%
Pink Venom
75%
The Girls
75%
Kill This Love
74%
Playing with Fire
73%
Stay
73%
Lovesick Girls
65%
Whistle
64%
How You Like That
58%
DDU-DU DDU-DU
57%
Ready for Love
56%
As If It's Your Last
51%
No matching quizzes found
Score Distribution
Percent of People with Each Score
Percentile by Number Answered
Your Score History
You have not taken this quiz